| 000 | 00768nam a2200241 a 4500 | ||
|---|---|---|---|
| 001 | BRCA_7581 | ||
| 005 | 20190320205911.0 | ||
| 008 | 200613s1962----gw-a######---#000-0#ger-# | ||
| 041 | _ager | ||
| 044 | _agw | ||
| 050 | 4 |
_aNB180 _b.S33 1962 |
|
| 100 | 1 |
_aSchädler, Alfred _918702 |
|
| 245 | 1 | 0 |
_aDeutsche Plastik der Spatgotik _bdie blauen bücher _cAlfred Schädler ; aufnahmen von Helga Schmidt-Glassner. |
| 260 |
_aKoningstein im Taunus (Alemania) _bF. Bruckmann _c1962 |
||
| 300 |
_a99 p. _bil. (algunas a color), 83 láminas _c27 cm. |
||
| 500 | _aS79 | ||
| 650 | 1 | 4 |
_aEscultura alemana _910304 |
| 650 | 1 | 4 |
_aEscultura gótica _92039 |
| 650 | 1 | 4 |
_aEscultura _xHistoria _93347 |
| 700 | 1 |
_aSchmidt-Glassner, Helga _eil. _918703 |
|
| 902 | _aGFM | ||
| 942 |
_2lcc _cB |
||
| 999 |
_c7255 _d7255 |
||